The heroic muse : studies in the Hippolytus and Hecuba of Euripides /

Bibliographic Details
Main Author: Kovacs, David
Format: Book
Language:English
Greek, Modern (1453-)
Published: Baltimore : Johns Hopkins University Press, [1987]
Series:AJP monographs in classical philology ; 2.
Subjects:

MARC

Tag First Indicator Second Indicator Subfields
LEADER 00000cam a2200000 a 4500
001 in00000016498
005 20151007052804.0
008 870825s1987 mdu b 00110 eng
010 |a  87022523  
020 |a 0801835305 (alk. paper) :  |c $16.95 
035 |a (OCoLC)16683953 
035 |9 AAA9188AM 
040 |a DLC  |c DLC  |d TXA  |d UtOrBLW 
041 0 |a eng  |a gre 
049 |a TXAM  |c [A11069234] 
050 0 0 |a PA3973.H7  |b K68 1987 
082 0 |a 882/.01  |2 19 
100 1 |a Kovacs, David. 
245 1 4 |a The heroic muse :  |b studies in the Hippolytus and Hecuba of Euripides /  |c David Kovacs. 
264 1 |a Baltimore :  |b Johns Hopkins University Press,  |c [1987] 
264 4 |c ©1987 
300 |a xii, 161 pages ;  |c 22 cm. 
336 |a text  |b txt  |2 rdacontent 
337 |a unmediated  |b n  |2 rdamedia 
338 |a volume  |b nc  |2 rdacarrier 
490 1 |a AJP monographs in classical philology ;  |v 2 
500 |a In English and Greek. 
504 |a Bibliography: pages [149]-156. 
500 |a Includes indexes. 
600 0 0 |a Euripides.  |t Hippolytus. 
600 0 0 |a Euripides.  |t Hecuba. 
650 0 |a Hippolytus (Greek mythology) in literature. 
650 0 |a Hecuba (Legendary character) in literature. 
650 0 |a Heroes in literature. 
650 0 |a Courage in literature. 
650 0 |a Tragedy. 
830 0 |a AJP monographs in classical philology ;  |v 2. 
999 |a MARS 
999 f f |s 2a223b54-c8c5-3208-9b3c-c513f515c58b  |i fbe5a8db-bd1e-300b-b351-b347d65a995e  |t 0 
952 f f |p ric  |a Texas A&M University  |b Rellis Campus  |c Joint Library Facility  |s JLF  |d Remote Storage  |t 0  |e PA3973.H7 K68 1987  |h Library of Congress classification  |i unmediated -- volume  |m A14811069234 
998 f f |a PA3973.H7 K68 1987  |t 0  |l Remote Storage